Insolvency and Bankruptcy Code: idea, impressions and implementation (Record no. 524531)

000 -LEADER
fixed length control field 00453nam a22001337a 4500
020 ## - INTERNATIONAL STANDARD BOOK NUMBER
International Standard Book Number 9788194753728
082 ## - DEWEY DECIMAL CLASSIFICATION NUMBER
Classification number T446x54 In2\2022
245 ## - TITLE STATEMENT
Title Insolvency and Bankruptcy Code: idea, impressions and implementation
Statement of responsibility, etc by Insolvency and Bankruptcy Board of India
260 ## - PUBLICATION, DISTRIBUTION, ETC. (IMPRINT)
Place of publication, distribution, etc New Delhi
Name of publisher, distributor, etc The author
Date of publication, distribution, etc 2022
300 ## - PHYSICAL DESCRIPTION
Extent 381p.
650 ## - SUBJECT ADDED ENTRY--TOPICAL TERM
Topical term or geographic name as entry element India. Insolvency and Bankruptcy Code
9 (RLIN) 42442
650 ## - SUBJECT ADDED ENTRY--TOPICAL TERM
Topical term or geographic name as entry element Bankruptcy - India
9 (RLIN) 42443
650 ## - SUBJECT ADDED ENTRY--TOPICAL TERM
Topical term or geographic name as entry element Bankruptcy
9 (RLIN) 42444
Holdings
Withdrawn status Lost status Source of classification or shelving scheme Damaged status Koha normalized classification for sorting Not for loan Permanent location Current location Shelving location Date acquired Full call number Barcode Date last seen Price effective from Koha item type
        T_446X54_IN22022   Indian Institute of Public Administration Indian Institute of Public Administration On Display 2023-12-11 T446x54 In2\2022 GR24104 2023-12-11 2023-12-11 GR

Powered by Koha